Consolidando una inserción multiple en el sistema internacional: la política exterior chilena en 1992

Збережено в:
Бібліографічні деталі
Формат: Книга
Мова:Іспанська
Опубліковано: Santiago FLACSO 1993
Серія:Serie Política Exterior y Relaciones Internacionales
Предмети:
Теги: Додати тег
Немає тегів, Будьте першим, хто поставить тег для цього запису!

MARC

LEADER 00000nam a2200000 a 4500
001 UCX9324
003 CL-VaPUC
008 940531e19930000CL |||||||||||||||||spa|d
082 0 4 |a 327.83  |b CON  |2 21 
245 1 0 |a Consolidando una inserción multiple en el sistema internacional: la política exterior chilena en 1992 
300 |a 439 p 
942 |c BK 
945 |d 19940531 00:00:00  |a oaravena 
260 |a Santiago  |b FLACSO  |c 1993 
500 |a Dinámica de las Acciones Diplomaticas, Cifras, Comunicados, Convenios, declaraciones, relaciones economicas, relaciones militares, relaciones politicas, visitas 
650 0 |a Relaciones Internacionales  |9 255740 
650 0 |a Relaciones Exteriores  |9 255379 
651 7 |a CHILE  |2 CL-VaPUC  |9 326704 
583 |a last modification  |c 19940531 00:00:00  |k Rodrigo Vera 
490 0 |a Serie Política Exterior y Relaciones Internacionales 
999 |c 228599  |d 228597 
952 |0 0  |1 0  |4 0  |6 327_830000000000000_CON_1993  |7 0  |8 A  |9 228858  |a BIBENE  |b BIBENE  |d 2019-11-15  |i 2948281  |o 327.83 CON 1993  |p 2948281  |r 2025-01-15  |w 2019-11-15  |y BK  |k ICO 
952 |0 0  |1 0  |4 0  |6 327_830000000000000_CON_1993  |7 0  |8 A  |9 228859  |a BIBHIS  |b BIBHIS  |d 2019-11-15  |i 2981955  |o 327.83 CON 1993  |p 2981955  |r 2025-01-20  |w 2019-11-15  |y BK  |k HIS